000 01937nam a2200517 i 4500
001 35529
003 KOSZ 005
005 20191106131100.0
008 191106s1968 pl a f 000 0 pol
015 _aPB 1968/10171
035 _a991037106109705066
035 _a(PL-WaBN)b19955868-48omnis_nlop
035 _ab19955868
035 _a(OCoLC)749259801
035 _a(PL)b0000001995586
035 _a(EXLNZ-48OMNIS_NETWORK)9910249168005606
040 _aWA N
_cWA N
_dKOSZ 005/RW
046 _k1968
080 _a661.9
080 _a546.1/.2
100 1 _aWieczffiński, Kazimierz
_eAutor
245 1 0 _aGazy szlachetne :
_bzarys technologii i własności chemiczne /
_cKazimierz Wieczffiński.
260 _aWarszawa :
_bWydawnictwa Naukowo-Techniczne,
_c1968.
300 _a194, [1] strony :
_bilustracje ;
_c24 cm.
336 _aTekst
_btxt
_2rdacontent
337 _aBez urządzenia pośredniczącego
_bn
_2rdamedia
338 _aWolumin
_bnc
_2rdacarrier
380 _aKsiążki
380 _aPublikacje fachowe
380 _aPublikacje dydaktyczne
388 _a1901-2000
490 1 _aNowa Technika ;
_vz. 77
504 _aBibliografia przy rozdziałach.
521 8 _aKsiążka jest przeznaczona dla magistrów i inżynierów zainteresowanych zagadnieniem praktycznego wykorzystania gazów szlachetnych i ich związków, może być również przydatna dla słuchaczy wyższych uczelni.
650 7 _aGazy szlachetne
_2DBN
650 7 _aWłaściwości chemiczne
650 7 _aWłaściwości fizyczne
650 7 _aTechnologia chemiczna
658 _aChemia
658 _aInżynieria i technika
710 2 _aWydawnictwa Naukowo-Techniczne
_4pbl
830 0 _aNT Nowa Technika
_vz. 77.
856 _uhttp://koha.tu.koszalin.pl/cgi-bin/koha/opac-detail.pl?biblionumber=35529
_yKatalog online BPK
942 _2UKD
_cKS
999 _c35529
_d35529